000 00374nam a22001457a 4500
008 230906b ||||| |||| 00| 0 eng d
020 _a9789951550482
041 _aShqip
080 _2BOTIMI 1
_a34
082 _a34
100 _a31
101 _aJUR
245 _aE DREJTA E KONKURRENCES NE ( NE BE,KOSOVE DHE MAQEDONI E VERIUT)
_cOSMANJAJ.E A.JASHARI
942 _2udc
_cBK
999 _c60263
_d60263